[Event "European Youth Chess Championship G16"]
[Site "Prague, Top Hotel Prague"]
[Date "2012.08.25"]
[Round "9.31"]
[White "Trippold, Denise"]
[Black "Bartsits, Sabina"]
[Result "1/2-1/2"]
[WhiteElo "1773"]
[BlackElo "1841"]
[PlyCount "110"]
[EventDate "2012.08.17"]

1. d4 Nf6 2. c4 e6 3. Nf3 Bb4+ 4. Bd2 Qe7 5. Nc3 c5 6. e3 O-O 7. Be2 Nc6 8. O-O
d5 9. cxd5 exd5 10. dxc5 Bxc5 11. Nb5 Ne4 12. h3 Re8 13. Bd3 a6 14. Nbd4 Qf6
15. Bc3 Nxc3 16. bxc3 Ne5 17. Nxe5 Rxe5 18. Qf3 Qh6 19. Rfd1 Rg5 20. Kh1 Bg4
21. Qf4 Bd6 22. Qxg5 Qxg5 23. hxg4 Qxg4 24. Rab1 Re8 25. Bf5 Qh5+ 26. Kg1 Be5
27. Bd3 Qh2+ 28. Kf1 Bxd4 29. cxd4 Qh1+ 30. Ke2 Qxg2 31. Rh1 Qg4+ 32. Kd2 g6
33. Rxb7 Qf3 34. Rf1 h5 35. Bxa6 h4 36. Be2 Qg2 37. a4 h3 38. a5 h2 39. Rbb1
Kg7 40. a6 Rh8 41. a7 Ra8 42. Ra1 Qe4 43. Bd3 Qe7 44. Rh1 Qb4+ 45. Ke2 Qc3 46.
Ra2 Qb3 47. Raa1 Qb2+ 48. Kf3 Qc3 49. Ke2 Qb2+ 50. Kf3 Qc3 51. Ke2 Qc7 52. Kd2
Kh6 53. Ke2 g5 54. Kf3 Kg7 55. Kg2 Kf6 1/2-1/2

[Event "European Youth Chess Championship G16"]
[Site "Prague, Top Hotel Prague"]
[Date "2012.08.25"]
[Round "9.33"]
[White "Rodsmoen, Maud"]
[Black "Grochocinska, Urszula"]
[Result "0-1"]
[WhiteElo "1777"]
[BlackElo "1828"]
[PlyCount "78"]
[EventDate "2012.08.17"]

1. e4 e5 2. Nf3 Nc6 3. Bb5 a6 4. Ba4 Nf6 5. O-O b5 6. Bb3 Bc5 7. c3 d6 8. d4
Bb6 9. h3 O-O 10. Re1 Bb7 11. Bc2 Re8 12. a4 exd4 13. cxd4 Nb4 14. Nbd2 Nxc2
15. Qxc2 h6 16. a5 Ba7 17. b4 Rc8 18. Ba3 Qe7 19. e5 dxe5 20. Rxe5 Qd6 21. Nb3
Bxf3 22. Rxe8+ Rxe8 23. gxf3 Nd5 24. Nc5 Nf4 25. Rd1 Qf6 26. Ne4 Qg6+ 27. Kf1
Qg2+ 28. Ke1 Qxf3 29. Kd2 Rxe4 30. Kc1 Qxa3+ 31. Qb2 Nd3+ 32. Rxd3 Qxd3 33. Qd2
Qa3+ 34. Kb1 Bxd4 35. f3 Qb3+ 36. Kc1 Bb2+ 37. Qxb2 Re1+ 38. Kd2 Qd1+ 39. Kc3
Re3# 0-1

[Event "European Youth Chess Championship G16"]
[Site "Prague, Top Hotel Prague"]
[Date "2012.08.25"]
[Round "9.34"]
[White "Kejzar, Petra"]
[Black "Colantuono, Virginia"]
[Result "1/2-1/2"]
[WhiteElo "1704"]
[BlackElo "1892"]
[PlyCount "97"]
[EventDate "2012.08.17"]

1. e4 c5 2. Nf3 d6 3. d4 cxd4 4. Qxd4 Nc6 5. Qe3 Nf6 6. c4 Ng4 7. Qd2 g6 8. Be2
Bg7 9. O-O O-O 10. Nc3 Bd7 11. b3 Rc8 12. Bb2 a6 13. Rac1 Bh6 14. Ng5 f6 15.
Qd5+ Kg7 16. Bxg4 Bxg4 17. f4 Nb4 18. Ne6+ Bxe6 19. Qxe6 Nd3 20. Rc2 Nxf4 21.
Qg4 Nd3 22. Nd5 Nxb2 23. Rxb2 Rf7 24. Rf3 Kh8 25. Rh3 Bg5 26. Rf2 Rc5 27. Qe6
Rg7 28. Rhf3 Qc8 29. Qxc8+ Rxc8 30. g3 Kg8 31. h4 Bh6 32. g4 a5 33. Rg2 Bc1 34.
Rgf2 g5 35. h5 Kf7 36. Rf1 Bb2 37. Kg2 Ke6 38. Rf5 Rc6 39. Ne3 Bd4 40. Nd5 a4
41. Rd1 Be5 42. Rf2 axb3 43. axb3 Kd7 44. Rd3 Rg8 45. Nb4 Rb6 46. Nd5 Ra6 47.
c5 47... Rc6 $11 48. cxd6 Rxd6 49. Rdf3 $11 1/2-1/2

[Event "European Youth Chess Championship G16"]
[Site "Prague, Top Hotel Prague"]
[Date "2012.08.25"]
[Round "9.35"]
[White "Hatasova, Michaela"]
[Black "Djogteva, Jekaterina"]
[Result "0-1"]
[WhiteElo "1641"]
[BlackElo "1828"]
[PlyCount "146"]
[EventDate "2012.08.17"]

1. c4 e5 2. g3 Nc6 3. Bg2 f5 4. e3 Nf6 5. Nc3 Bc5 6. Nge2 a5 7. O-O O-O 8. d4
Bb6 9. a3 d6 10. Rb1 Qe8 11. b4 f4 12. c5 Ba7 13. exf4 exd4 14. Nxd4 dxc5 15.
Re1 Qd7 16. Nxc6 bxc6 17. b5 Qd4 18. Ne2 Qxd1 19. Rxd1 Bg4 20. Re1 Rae8 21. Kf1
cxb5 22. Rxb5 Bb6 23. Nc3 Bd7 24. Rb1 Bf5 25. Rb2 Ng4 26. Rxe8 Rxe8 27. h3 Nh2+
28. Kg1 Re1+ 29. Kxh2 Rxc1 30. Nd5 Rc2 31. Rb1 Kf7 32. Ne3 Kf6 33. Nxc2 Bxc2
34. Rc1 Bb3 35. g4 a4 36. Kg3 Ke6 37. Be4 c4 38. g5 Bc5 39. Ra1 Bd4 40. Rb1 Ba2
41. Rb5 g6 42. Kf3 c3 43. Rb4 Bc5 44. Rxa4 Bb3 45. Ra6+ Bb6 46. a4 c2 47. Bxc2
Bxc2 48. a5 Bd3 49. Rxb6+ cxb6 50. axb6 Kd7 51. h4 Kc6 52. Kg4 Kxb6 53. Kf3 Kc5
54. Ke3 Bf5 55. Ke2 Kd4 56. Kf3 Kd3 57. Kg3 Ke2 58. Kg2 Be4+ 59. Kg3 Bc6 60. h5
Be4 61. hxg6 hxg6 62. f3 Bf5 63. Kg2 Bd7 64. Kg3 Kf1 65. f5 Bxf5 66. Kf4 Kf2
67. Ke5 Kxf3 68. Kd4 Kf4 69. Kc3 Kxg5 70. Kd2 Kf4 71. Ke1 g5 72. Kf2 Bc8 73.
Kg2 Kg4 0-1

[Event "European Youth Chess Championship G16"]
[Site "Prague, Top Hotel Prague"]
[Date "2012.08.25"]
[Round "9.36"]
[White "Gueci, Laura"]
[Black "Lampard, Alice"]
[Result "1-0"]
[WhiteElo "1819"]
[BlackElo "1593"]
[PlyCount "137"]
[EventDate "2012.08.17"]

1. c4 c5 2. Nc3 Nc6 3. g3 g6 4. Bg2 Bg7 5. a3 a6 6. Rb1 d6 7. b4 cxb4 8. axb4
Rb8 9. b5 axb5 10. cxb5 Ne5 11. d4 Nd7 12. e3 Ngf6 13. Nge2 b6 14. O-O Bb7 15.
Nf4 Bxg2 16. Kxg2 O-O 17. Nd3 Rc8 18. Bd2 Qc7 19. Nb4 Nb8 20. Qf3 e6 21. Ra1 d5
22. Ra4 Rfd8 23. Rfa1 Rd7 24. Nd3 Re7 25. Ne5 Nfd7 26. Ra7 Qd8 27. Nd3 Nf6 28.
Ne2 Rxa7 29. Rxa7 Rc7 30. Ra8 Rc8 31. Ne5 Qe8 32. Nc3 Nfd7 33. Nd3 Nf6 34. Qf4
Nbd7 35. Ra6 Ra8 36. Nb4 Qb8 37. Qxb8+ Rxb8 38. Nc6 Re8 39. Na4 Ne4 40. Bb4 Bf8
41. Bxf8 Kxf8 42. Nxb6 Nxb6 43. Rxb6 Nc3 44. Rb7 Rc8 45. Ne5 Kg8 46. Nd7 Rd8
47. Nc5 Kf8 48. b6 Nb5 49. Nd7+ Kg8 50. Ne5 Nd6 51. Rd7 Rxd7 52. Nxd7 Nb7 53.
Nc5 Nd6 54. b7 Nxb7 55. Nxb7 Kf8 56. Nc5 Ke7 57. Kf3 Kd6 58. Nd3 f6 59. Kf4 h5
60. h4 Ke7 61. f3 Kf7 62. g4 Kg7 63. gxh5 gxh5 64. Nc5 Kf7 65. Nxe6 Kxe6 66. e4
dxe4 67. fxe4 Kd6 68. Kf5 Ke7 69. d5 1-0

[Event "European Youth Chess Championship G16"]
[Site "Prague, Top Hotel Prague"]
[Date "2012.08.25"]
[Round "9.38"]
[White "Luzikova, Nicola"]
[Black "Goian, Valeria"]
[Result "1/2-1/2"]
[WhiteElo "1769"]
[BlackElo "1411"]
[PlyCount "102"]
[EventDate "2012.08.17"]

1. d4 d6 2. c4 c6 3. e4 Nf6 4. Nc3 Qc7 5. Nf3 e5 6. Be2 Be7 7. O-O O-O 8. b3 a6
9. Bb2 Nbd7 10. Qc2 Re8 11. Rfd1 Bf8 12. Rac1 exd4 13. Rxd4 Nc5 14. b4 Ne6 15.
Rdd1 Nf4 16. Bd3 Bg4 17. Be2 Rad8 18. Qd2 Nxe2+ 19. Qxe2 Bf5 20. Nd2 d5 21.
cxd5 Bxb4 22. Qc4 Bxc3 23. Qxc3 Bxe4 24. Nxe4 Rxe4 25. dxc6 Rxd1+ 26. Rxd1 bxc6
27. Qd3 Qe7 28. Qd8+ Ne8 29. Qxe7 Rxe7 30. Kf1 h6 31. Rd8 Kh7 32. Ra8 Rb7 33.
Be5 Nc7 34. Bxc7 Rxc7 35. Rxa6 Rb7 36. a4 c5 37. a5 c4 38. Rc6 Rb1+ 39. Ke2
Rb2+ 40. Ke3 Ra2 41. a6 c3 42. Kd3 c2 43. Kd2 Kg8 44. Kc1 Kf8 45. Rc8+ Ke7 46.
Rc7+ Ke6 47. a7 g5 48. g4 f6 49. h3 Kd6 50. Rb7 Ke5 51. Rb5+ Ke6 1/2-1/2